00714nam a2200205Ia 4500003000400000005001700004008004100021020001800062040001800080041000800098082001800106100002100124245013800145250001200283260007200295300003000367650004900397650002500446650003700471OSt20251104125124.0210716s2015 xx 000 0 und d a9789351102670 cAIMIT LIBRARY aeng a005.76 bPROF aProvost, Foster. aData science for business :bwhat you need to know about data mining and data analytic thinking /cBy Foster Provost and Tom Fawcett. a1st ed. aNew Delhi :bShroff Publications and Distributers Pvt Ltd ,c2015. axviii,384 p.;bPBc24 cm. aBusiness problems and data science solutions aFitting a model data aSimilarity neighbors and cluster